000 00669nam a2200217 a 4500
005 20231108063805.0
008 170502s2013 mx r 000 0 spa d
020 _a9786078278183
035 _aUPN01000217458
049 _aC
050 4 _aF1435.1 Y8.9
_bG7.2
245 0 0 _aGran Museo del Mundo Maya :
_bMérida Yucatán /
_ccoord. Regina Martínez Vera.
260 _aMéxico :
_bGrupo Hermes,
_c2013.
300 _a402 p. :
_bil. col.
650 4 _aMAYAS -
_zYUCATAN -
_xIDENTIDAD ETNICA
_923369
650 4 _aMayas
_xHistoria
_923283
650 2 _aCulturas indígenas
_910242
700 1 _aMartínez Vera, Regina,
_ecoord.
905 _aLibro
999 _c189558
_d189558